Data warehousing with Microsoft sql server 7.0 technical reference / (Record no. 156384)

MARC details
000 -LEADER
fixed length control field 00666nam a22002177a 4500
003 - CONTROL NUMBER IDENTIFIER
control field dpl
005 - DATE AND TIME OF LATEST TRANSACTION
control field 20180827123207.0
008 - FIXED-LENGTH DATA ELEMENTS--GENERAL INFORMATION
fixed length control field 180827b xxu||||| |||| 00| 0 eng d
010 ## - LIBRARY OF CONGRESS CONTROL NUMBER
LC control number B-041488
020 ## - INTERNATIONAL STANDARD BOOK NUMBER
Terms of availability 695.00
International Standard Book Number 81203179399
035 ## - SYSTEM CONTROL NUMBER
System control number B-041488
037 ## - SOURCE OF ACQUISITION
Source of stock number/acquisition BPPS/PUB
040 ## - CATALOGING SOURCE
Original cataloging agency DPL
Language of cataloging EN
Transcribing agency 0
082 ## - DEWEY DECIMAL CLASSIFICATION NUMBER
Classification number 005.754
Item number STU
100 ## - MAIN ENTRY--PERSONAL NAME
Personal name Sturm, Jake
245 ## - TITLE STATEMENT
Title Data warehousing with Microsoft sql server 7.0 technical reference /
Statement of responsibility, etc by Jake Sturm
260 ## - PUBLICATION, DISTRIBUTION, ETC. (IMPRINT)
Place of publication, distribution, etc New Delhi
Name of publisher, distributor, etc Prentice Hall of India
Date of publication, distribution, etc 2001
270 ## - ADDRESS
City New Delhi
Address M-97, Connaught circus
Postal code 110001
300 ## - PHYSICAL DESCRIPTION
Extent xviii, 446p.
Dimensions 24cm(Hb)
942 ## - ADDED ENTRY ELEMENTS (KOHA)
Source of classification or shelving scheme Dewey Decimal Classification
Koha item type English Books
Classification part 005.754
Call number suffix STU
Holdings
Withdrawn status Lost status Source of classification or shelving scheme Damaged status Not for loan Collection code Home library Current library Date acquired Source of acquisition Cost, normal purchase price Total Checkouts Full call number Barcode Date last seen Cost, replacement price Price effective from Koha item type
    Dewey Decimal Classification     Non-fiction Shahdara Branch Shahdara Branch 27/08/2018 BPPD/PUB 695.00   005.754 STU B-041488 27/08/2018 695.00 27/08/2018 English Books

© Delhi Public Library
Hit Counter
free hit counter